Normal view
MARC view
- عوض ، فوزي/ م مشارك بسام المعصراني
Entry Personal Name
001 - CONTROL NUMBER
- control field: 9888
003 - CONTROL NUMBER IDENTIFIER
- control field: JO-AjAnu
005 - DATE AND TIME OF LATEST TRANSACTION
- control field: 20230606071905.0
008 - FIXED-LENGTH DATA ELEMENTS
- fixed length control field: 230606|| aca||aabn | a|a d
040 ## - CATALOGING SOURCE
- Original cataloging agency: JO-AjAnu
- Transcribing agency: JO-AjAnu
100 ## - HEADING--PERSONAL NAME
- Personal name: عوض ، فوزي/ م مشارك بسام المعصراني
670 ## - SOURCE DATA FOUND
- Source citation: Work cat.: (JO-AjAnu)5096: عوض ، فوزي/ م مشارك بسام المعصراني, author, تجارب في قيزياء الجسم الصلب